LEADER 01305nam a2200301 u 4500 001 000000019416 003 CaOOAMICUS 005 20140107120135.0 008 950303s1995 it ef u000 u ita u 035 $a10466330 040 $aAAR$bita 100 1 $aFalesiedi, Ugo.$0(OLS)http://pul/name/17061 245 13$aLe diaconie :$bi servizi assistenziali nella Chiesa antica /$cUgo Falesiedi. 260 $aRoma :$bIstituto Patristico Augustinianum,$c1995. 300 $a164 p., 4 c. di tav. :$bill. ;$c23 cm 490 1 $aSussidi patristici ;$v8 500 $aComprende indici. 504 $aBibliografia: p. 145-154. 650 4$aDiaconie.$0(OLS)http://pul/subject/13082 650 0$aChurch polity$xHistory$yEarly church, ca. 30-600.$0(OLS)http://pul/subject/8574 650 0$aSocial service$xHistory.$0(OLS)http://pul/subject/13083 830 0$aSussidi patristici ;$v8.$0(OLS)http://pul/title/970 850 $aPUL 852 $aPUL$W1$xSL Religione 1$y3$m17 S 8$j27281$nBK-PRI$b $qStampati$B27281$CPULBib$Z2$F27281 $H $81 941 1 $a8 961 $aINV: 73169 996 $6245$aLe diaconie :$bi servizi assistenziali nella Chiesa antica$9(OLS)http://pul/title/27496 996 $6260$aRoma :$bIstituto Patristico Augustinianum$9(OLS)http://pul/publisher/48277 LEADER 01349nam a2200349 a 4500 001 000000042186 003 CaOOAMICUS 005 20190430120627.0 008 990223s1978 it u000 u ita u 032 $aLibriCat 035 $a10815118 040 $aPUL(R)$bita 041 1 $aita$hger 100 1 $aGollwitzer, Helmut,$d1908-1993.$0(OLS)http://pul/name/57977 240 10$aKapitalistische revolution.$lItaliano.$0(OLS)http://pul/title/56906 245 13$aLa rivoluzione capitalista /$cHelmut Gollwitzer ; editoriale e traduzione dal tedesco di Aldo Comba. 260 $aBrescia :$bQueriniana,$c1978. 300 $a115 p. ;$c20 cm 490 1 $aGiornale di teologia ;$v108 504 $aBibliografia a pič pagina. 650 4$aRivoluzione.$0(OLS)http://pul/subject/18829 650 4$aCapitalismo.$0(OLS)http://pul/subject/7257 700 1 $aComba, Aldo,$d1924-2024.$0(OLS)http://pul/name/12677 830 0$aGiornale di teologia ;$v108.$0(OLS)http://pul/title/9027 850 $aPUL 852 $aPUL$W1$xSL Religione 3$y85$m200 GDT 1.108$j57067$nBK-PRI$qDDC 21$B57067$CPULBib$Z2$F57067 $82 941 1 $a9 961 $aINV: 44858 983 0$aGdT. 996 $6245$aLa rivoluzione capitalista$9(OLS)http://pul/title/56907 996 $6260$aBrescia :$bQueriniana$9(OLS)http://pul/publisher/47906